000 00505nam a2200193 a 4500
001 1769942616414
003 YourLibrary
005 20260201163957.0
008 260201s2006##################000#0#eng##
020 _a9780743299879
082 0 4 _a305.260973
_bFRI
100 1 _aFriedan, Betty,
_eauthor.
245 1 0 _aFountain of Age :
260 _bSimon and Schuster,
_c2006.
300 _a676 pages
650 0 _aFamily & Relationships.
942 _cENGLISH
040 _aYourLibrary
_beng
_cYourLibrary
999 _c609883
_d609883